Los pies por delante y otros cuentos / (Record no. 27444)

MARC details
000 -LEADER
campo de control de longitud fija 00599nam a2200205 i 4500
001 - NÚMERO DE CONTROL
campo de control 27444
003 - IDENTIFICADOR DE NÚMERO DE CONTROL
campo de control ES-MaACL
005 - FECHA Y HORA DE LA ÚLTIMA TRANSACCIÓN
campo de control 20231114062529.0
007 - CAMPO FIJO DE DESCRIPCIÓN FÍSICA--INFORMACIÓN GENERAL
campo de control de longitud fija t|
008 - DATOS DE LONGITUD FIJA--INFORMACIÓN GENERAL
campo de control de longitud fija 030114s1975 sp ||||1| spa d
100 1# - ENTRADA PRINCIPAL--NOMBRE DE PERSONA
Nombre de persona Aub, Max,
Fechas asociadas al nombre 1903-1972
9 (RLIN) 23783
245 14 - MENCIÓN DEL TÍTULO
Título Los pies por delante y otros cuentos /
Mención de responsabilidad, etc. Max Aub.
250 ## - MENCION DE EDICION
Mención de edición [1ª ed.].
260 ## - PUBLICACIÓN, DISTRIBUCIÓN, ETC.
Lugar de publicación, distribución, etc. Barcelona :
Nombre del editor, distribuidor, etc. Seix Barral,
Fecha de publicación, distribución, etc. [1975]
300 ## - DESCRIPCIÓN FÍSICA
Extensión 201 p. :
Otras características físicas il. ;
Dimensiones 20 cm.
490 1# - MENCIÓN DE SERIE
Mención de serie Biblioteca breve ;
Designación de volumen o secuencia 382
830 0# - PUNTO DE ACCESO ADICIONAL DE SERIE-TÍTULO UNIFORME
Título uniforme Biblioteca breve (Seix Barral)
Designación de volumen o secuencia 382
9 (RLIN) 227188
852 ## - LOCALIZACIÓN
Ubicación ES-MaACL
Número de control de estantería A-7634
Sublocalización o colección R.96518
Holdings
Estatus retirado Estado de pérdida Estado de daño No para préstamo Biblioteca de origen Biblioteca actual Ubicación en estantería Fecha de adquisición Fuente de adquisición Total de préstamos Signatura topográfica completa Código de barras Visto por última vez Precio de reemplazo Tipo de ítem Koha
        Biblioteca del Ateneo de Madrid Biblioteca del Ateneo de Madrid Sala Pecera Planta 1 17/01/2008     A-7634 1028332 23/02/2023 23/02/2023 Libro impreso